00389cam a2200121 i 4500020001700000082001500017100001900032245004300051260004300094300004100137490005900178650003000237 a0851869092 :00a547.05 HAR1 aHartley, F. R.10aElements of organometallic chemistry / aLondon :bThe Chemical Society,c1974. avi, 103 p., [1] fold. leaf :bill. ;1 aThe Chemical Society. Monographs for teachers ; no. 26 0aOrganometallic chemistry.